[Event "Panchavati Resha op 3rd"]
[Site "Panchavati"]
[Date "2017.07.19"]
[Round "2"]
[White "Vikram, Mavlankar"]
[Black "Chakravarthi, Reddy M"]
[Result "0-1"]
[WhiteElo "1458"]
[BlackElo "2227"]
[PlyCount "37"]
[EventDate "2017.07.18"]
[EventType "swiss"]
[EventRounds "10"]
[EventCountry "IND"]
[SourceTitle "EXT 2018"]
[Source "ChessBase"]
[SourceDate "2017.10.13"]
[SourceVersion "1"]
[SourceVersionDate "2017.10.13"]
[SourceQuality "1"]

1. e4 e6 2. d4 d5 3. e5 c5 4. Nf3 Nc6 5. Bd3 cxd4 6. 0-0 Nge7 7. Re1 Ng6 8. Nbd2 Bd7 9. a3 f6 10. Nf1 fxe5 11. Bxg6+ hxg6 12. Nxe5 Nxe5 13. Rxe5 Bd6 14. Bg5 Qc7 15. Rxd5 Bxh2+ 16. Kh1 exd5 17. Qd3 Bf4+ 18. Kg1 0-0 19. Qd1 0-1